000 00574nam a2200229Ia 4500
003 OSt
005 20220924153158.0
006 a|||||r|||| 00| 0
007 ta
008 220923b |||||||| |||| 00| 0 guj d
024 _a347095
037 _cTextual
040 _aARTS
_cARTS
_bguj
041 _2guj
_aguj
082 _aO157,3M991x, 156K5
100 _aBanaful
_9208543
245 0 _aBanafulani foram
260 _c1965
650 _aBENGALI LITERATURE
942 _hO157,3M991x, 156K5
_cTEXL
_2CC
999 _c472593
_d472593